Výpoveď zamestnávateľa pri organizačných zmenách

Výpovedné dôvody zo strany zamestnávateľa, v praxi nazývané organizačné výpovedné dôvody. Výpovedné dôvody podľa Zákonníka práce - zrušenie zamestnávateľa, zrušenie časti zamestnávateľa, premiestnenie zamestnávateľa, premiestnenie časti zamestnávateľa, širokokoncipovaný výpovedný dôvod. Dĺžka výpove...

Ausführliche Beschreibung

Gespeichert in:
Bibliographische Detailangaben
1. Verfasser: Barancová, Helena
Format: Buchkapitel
Sprache:Slowakisch
Schlagworte:
Tags: Tag hinzufügen
Keine Tags, Fügen Sie das erste Tag hinzu!

MARC

LEADER 00000naa a2200000 4500
001 r021233
005 20230424120212.0
041 0 |a slo 
044 |a SK 
245 1 0 |a Výpoveď zamestnávateľa pri organizačných zmenách  |c Helena Barancová 
520 |a Výpovedné dôvody zo strany zamestnávateľa, v praxi nazývané organizačné výpovedné dôvody. Výpovedné dôvody podľa Zákonníka práce - zrušenie zamestnávateľa, zrušenie časti zamestnávateľa, premiestnenie zamestnávateľa, premiestnenie časti zamestnávateľa, širokokoncipovaný výpovedný dôvod. Dĺžka výpovednej lehoty, problematika odstupného. 
610 2 0 |a výpoveď 
610 2 0 |a zamestnávatelia 
610 2 0 |a zmeny organizačné 
610 2 0 |a zákonník práce 
100 1 |a Barancová, Helena